|
|
|
|
| LEADER |
00000nab a2200000 a 4500 |
| 001 |
vtls000523313 |
| 003 |
SK-MaSNL |
| 005 |
20260304204928.0 |
| 008 |
250425c1994 xo 0 slo |
| 015 |
|
|
|a SNBRB19rr/mm-uuuuu
|
| 035 |
|
|
|a CL0523451
|
| 035 |
|
|
|a urn:nbn:sk:snk-ab6tny
|
| 035 |
|
|
|a (uuid)236455cf-36e1-4e2b-9d5e-d0ac5dd5bea9
|
| 035 |
|
|
|a (urnnbn)urn:nbn:sk:snk:ar-a05s7d
|
| 035 |
|
|
|a (sysno)vtls000523313
|
| 040 |
|
|
|a SNKBUCL
|b slo
|c SNKBUCL
|e AACR2
|
| 041 |
0 |
|
|a slo
|
| 044 |
|
|
|a xo
|c SK
|
| 080 |
|
|
|a 616.147.3-005.6:611.98:615.225
|2 1981
|
| 080 |
|
|
|a 611.98
|2 1981
|
| 080 |
|
|
|a 615.225
|2 1981
|
| 100 |
1 |
|
|a Kmec, Ján,
|d 1959-
|4 aut
|9 200445
|
| 245 |
1 |
0 |
|a Využitie Fraxiparinu vo flebologickej praxi
|c J. Kmec
|
| 300 |
|
|
|b Grafy 5, lit. 5 zázn. v angl.
|
| 650 |
0 |
7 |
|a dolné končatiny
|2 snkbucl
|9 28862
|
| 650 |
0 |
7 |
|a flembotrombóza končatinová
|2 snkbucl
|9 1538671
|
| 650 |
0 |
7 |
|a Fraxiparin (liek)
|2 snkbucl
|9 1292377
|
| 655 |
|
7 |
|a články z novín a časopisov
|2 snkbucl
|9 267496
|
| 773 |
0 |
|
|t Neinvazívna kardiológia
|g Roč. 3, č. 3 (1994)
|g S. 41-43
|x 1210-0048
|x 1210-0048
|
| 773 |
0 |
|
|t [Príl.] Prvý slovenský angiologický kongres s medzinárodnou účasťou
|g Roč. 3, č. 3 (1994)
|g S. 41-43
|x 1210-0048
|x 1210-0048
|
| 850 |
|
|
|a Slovenská národná knižnica
|
| 852 |
|
|
|a Slovenská národná knižnica
|
| 954 |
|
|
|a odborná, vedecká literatúra pôvodná (slovenská)
|2 lita
|
| 958 |
|
|
|a article27
|
| 958 |
|
|
|a NB
|
| 958 |
|
|
|a RK
|
| 958 |
|
|
|a MI
|
| 958 |
|
|
|a OND
|
| 958 |
|
|
|a EUIPO
|
| 992 |
|
|
|a RBX
|
| 999 |
|
|
|c 3118564
|d 3120494
|